1026 1837 1503 1025 1030 1463 1092 1536 1685 1369 1600 1831 1338 1919 1900 1111 1447 1267 1961 1453 1362 1828 1992 1852 1202 1225 1799 1307 1762 1706 1396 1588 1767 1792 1148 1717 1159 1966 1908 1827 1039 1914 1107 1975 1445 1530 1499 1684 1975 1992 1720 1634 1252 1031 1418 1270 1910 1295 1404 1887 1951 1691 1535 1715 1850 1633 1415 1449 1868 1827 1338 1743 1281 1265 1308 1534 1569 1709 1599 1614 1130 1017 1514 1212 1948 1667 1137 1535 1447 1103 1952 1013 1862 1624 1146 1909 1485 1823 1394 BCNSPRNW ULIB Ver.6.0+V

เปลี่ยนเป็นภาษาไทย

Change to English
 แสดงรายละเอียดบรรณานุกรม
  กลับหน้าหลัก

Brief Record : Get Marc (ISO 2709) : E-mail record : QR code < ปิดหน้าต่าง
LEADER : 00000nam 2200000uu 4500
001    13399113058
003     ULIB
008    110922s2549||||th 000 0 tha d
020    9749480600
050 04 PE1131^bร165ฝ 2549
100 0  รวินันท์ ถิระคุณ
245 10 ฝึกพูดภาษาอังกฤษในสถานการณ์ต่างๆ =^bEnglish speaking in different situations /^cรวินันท์ ถิระคุณ
260    นนทบุรี :^bเจ.บี.พับลิชชิ่ง,^c2549
300    240 หน้า ;^c21 ซม
650  7 ภาษาอังกฤษ^xบทสนทนาและวลี
650  7 ภาษาอังกฤษ^xตำราสำหรับชนต่างชาติ
945    ^p190^l0^i020283
995    ทศพร
999 ^a ทศพร
รายการนี้ยังไม่มีแท็ก
คุณยังไม่ได้ล็อกอิน คุณสามารถมีกิจกรรมร่วมกับเว็บไซต์ได้ แต่ต้องล็อกอินก่อน ::
  ล็อกอิน

รายการสื่อสารสนเทศ

ลำดับที่ ประเภท เลขเรียก/บาร์โค้ด สถานที่ สถานะ
- ไม่พบข้อมูล -

รายการใกล้เคียง
    ผู้แต่ง [รวินันท์ ถิระคุณ]

BibComment


ยังไม่เคยถูกคอมเมนท์

คอมเมนท์ทรัพยากรรายการนี้
  คอมเมนท์: ฝึกพูดภาษาอังกฤษใ..


 Copyright 2026. Bcnsprnw @Library